Who Won? - Every U.S. Presidential Election - Statistics

General Stats
  • This quiz has been taken 50 times
  • The average score is 47 of 60
Answer Stats
Question Answer % Correct
1788/89 George Washington
100%
1792 George Washington
88%
1816 James Monroe
88%
1800 Thomas Jefferson
88%
2008 Barack Obama
84%
2012 Barack Obama
84%
2016 Donald Trump
84%
2024 Donald Trump
84%
2004 George W. Bush
84%
1808 James Madison
84%
1976 Jimmy Carter
84%
2020 Joe Biden
84%
1796 John Adams
84%
1960 John F. Kennedy
84%
1964 Lyndon B. Johnson
84%
1972 Richard Nixon
84%
1984 Ronald Reagan
84%
1860 Abraham Lincoln
80%
1864 Abraham Lincoln
80%
1832 Andrew Jackson
80%
1996 Bill Clinton
80%
1952 Dwight D. Eisenhower
80%
1936 Franklin D. Roosevelt
80%
1940 Franklin D. Roosevelt
80%
1852 Franklin Pierce
80%
1988 George H. W. Bush
80%
2000 George W. Bush
80%
1948 Harry S. Truman
80%
1928 Herbert Hoover
80%
1824 John Quincy Adams
80%
1836 Martin Van Buren
80%
1968 Richard Nixon
80%
1980 Ronald Reagan
80%
1804 Thomas Jefferson
80%
1828 Andrew Jackson
76%
1992 Bill Clinton
76%
1956 Dwight D. Eisenhower
76%
1932 Franklin D. Roosevelt
76%
1944 Franklin D. Roosevelt
76%
1884 Grover Cleveland
76%
1856 James Buchanan
76%
1904 Theodore Roosevelt
76%
1868 Ulysses S. Grant
76%
1920 Warren G. Harding
76%
1908 William Howard Taft
76%
1916 Woodrow Wilson
76%
1812 James Madison
72%
1820 James Monroe
72%
1912 Woodrow Wilson
72%
1848 Zachary Taylor
72%
1924 Calvin Coolidge
68%
1892 Grover Cleveland
68%
1880 James A. Garfield
68%
1844 James K. Polk
68%
1876 Rutherford B. Hayes
68%
1872 Ulysses S. Grant
68%
1888 Benjamin Harrison
64%
1840 William Henry Harrison
64%
1896 William McKinley
64%
1900 William McKinley
64%
No matching quizzes found
Score Distribution
Percent of People with Each Score
Percentile by Number Answered
Your Score History
You have not taken this quiz